000
00224 a2200109 4500
001
125646
020
_a
7891219016936
040
_c
Escola Canadense de Niteroi
090
_a
MP
245
1
0
_a
Memória Alfabeto
942
_c
MATP
999
_c
125646
_d
125646